00446cam a22001097a 4500008004000000245011700040260004600157300000900203700002900212999001900241952007600260180718b1971 xxu||||| |||| 00| 0 eng d aUnited Nations Panel meeting on water resources and visits to Netherlands and Switzerland and Italycby K.L. Rao aNew DelhibMinistry of Home Affairsc1971 a67p. aMinistry of Home Affairs c503543d503543 00104070aIIPAbIIPAd2018-08-04pGG15146r2018-08-04w2018-08-04yGG